Score 0/6 Timer 02:00
1 Play Today
Continent Place % Correct
North AmericaDeath Valley, California, USA
88.8%
OceaniaCloncurry, Queensland, Australia
82.4%
EuropeSeville, Spain
76.4%
South AmericaRivadavia, Argentina
72.1%
AfricaKebili, Tunisia
43.3%
AsiaTirat Tsvi, Israel
29.1%
Remove Ads.
Support Sporcle.
Get the best of Sporcle when you Go Orange. This ad-free experience offers more features, more stats, and more fun while also helping to support Sporcle. Thank you for becoming a member.

You're not logged in!

Compare scores with friends on all Sporcle quizzes.
OR
Log In

Show Comments

Extras

Top Quizzes Today


Score Distribution

Your Account Isn't Verified!

In order to create a playlist on Sporcle, you need to verify the email address you used during registration. Go to your Sporcle Settings to finish the process.

Report this User

Report this user for behavior that violates our Community Guidelines.

Details: